000 01218cam a22003251i 4500
001 016196046
003 EG-ScBUE
005 20230222044930.0
008 121015s2012 enka f d 001 0 eng d
020 _a9781908150905 (pbk.)
040 _aStDuBDS
_beng
_erda
_cStDuBDS
_dUk
_dEG-ScBUE
082 0 4 _a770
_222
_bBEA
100 1 _aBeardsworth, John,
_eauthor.
_938347
245 1 0 _a101 top tips for black & white digital photography /
_cJohn Beardsworth.
246 3 _aOne hundred and one top tips for black & white digital photography
246 3 _aHundred and one top tips for black & white digital photography
246 3 _a101 and one top tips for black and white digital photography
264 1 _aLewes :
_bIlex Press,
_c2012.
300 _a176 pages :
_billustrations (black and white, and color) ;
_c24 cm
336 _2rdacontent
_atext
_btxt
337 _2rdamedia
_aunmediated
_bn
338 _2rdacarrier
_avolume
_bnc
500 _aIncludes index.
500 _aIncludes glossary.
650 7 _aBlack-and-white photography
_xTechnique.
_2BUEsh
650 7 _aPhotography
_xDigital techniques.
_2BUEsh
_937027
653 _bCOMAME
_cJune2015
_cAugust2015
655 _vReading book
942 _2ddc
_cBB
999 _c19651
_d19623